[Event "Challenge"]
[Site "http://www.queenalice.com/game.php?id=548848"]
[Date "2009.3.2"]
[Round "-"]
[White "xavier31"]
[Black "atbn"]
[Result "0-1"]
[WhiteElo "1256"]
[BlackElo "1866"]

1. e4 e5 2. Bc4 Nf6 3. Nc3 Nc6 4. Nd5 Bc5 5. b4 Nxd5 6. Bxd5 Nxb4 7. Qf3 Nxd5 8.
exd5 d6 9. Ne2 Bd7 10. Qg3 O-O 11. Rb1 Bb6 12. Rb3 c6 13. dxc6 Bxc6 14. Qg4 f5
15. Qh5 f4 16. Rh3 Be4 17. Nc3 Bg6 18. Qh4 Qxh4 19. Rxh4 Bxc2 20. Nd5 Rac8 21.
Ne7+ Kh8 22. Nxc8 Rxc8 23. Ba3 Bb1 24. Bxd6 Rc1+ 25. Ke2 Rxh1 26. Rh5 Bxa2 27.
Rf5 Rxh2 28. Rf8+ Bg8 29. Bxe5 Rxg2 30. d4 h5 31. d5 Rxf2+ 32. Kd3 f3 33. d6 Re2
34. Bf4 Kh7 0-1

[Event "Challenge"]
[Site "http://www.queenalice.com/game.php?id=550431"]
[Date "2009.3.4"]
[Round "-"]
[White "patrick"]
[Black "xavier31"]
[Result "1-0"]
[WhiteElo "1533"]
[BlackElo "1261"]

1. e4 Nc6 2. Qf3 Nf6 3. Nh3 Nb4 4. Na3 d5 5. Ng5 dxe4 6. Nxe4 Nxe4 7. Qxe4 e6 8.
Qf3 e5 9. Bc4 f6 10. h4 Bc5 11. h5 Qd4 12. h6 Qxf2+ 13. Kd1 e4 14. Qxe4+ Kd8 15.
hxg7 Re8 16. Re1 Rxe4 17. Rxe4 Qf1+ 18. Bxf1 f5 19. g8=Q+ Kd7 20. Qe6+ Kd8 21.
Qe8# 1-0

[Event "Challenge"]
[Site "http://www.queenalice.com/game.php?id=553484"]
[Date "2009.3.10"]
[Round "-"]
[White "xavier31"]
[Black "patrick"]
[Result "0-1"]
[WhiteElo "1269"]
[BlackElo "1538"]

1. g3 e5 2. Bg2 c6 3. Bf3 Qf6 4. b4 a5 5. d4 axb4 6. dxe5 Qxe5 7. c3 Nf6 8. Bf4
Qe6 9. e4 Nxe4 10. Ne2 Bc5 11. Nd4 Nxc3+ 12. Nxe6 Nxd1 13. Nxc5 Nc3 14. O-O Ra5
15. Be3 d5 16. Nb3 Rxa2 17. Nc1 Rxa1 18. Nd2 O-O 19. Ncb3 Ra3 20. Bc5 Re8 21.
Ra1 Bh3 22. Bxb4 Rxa1+ 23. Nxa1 Re1+ 24. Nf1 Rxf1# 0-1

[Event "Challenge"]
[Site "http://www.queenalice.com/game.php?id=556062"]
[Date "2009.3.14"]
[Round "-"]
[White "carina"]
[Black "xavier31"]
[Result "1-0"]
[WhiteElo "1379"]
[BlackElo "1290"]

1. e4 e5 2. d3 Qf6 3. f3 Qh4+ 4. g3 Qf6 5. a4 d5 6. exd5 e4 7. dxe4 Nh6 8. Be3
Bb4+ 9. c3 Bd6 10. Bd3 O-O 11. Bc4 Be5 12. Na3 Bd7 13. Qc2 c6 14. Rd1 cxd5 15.
exd5 Nf5 16. Bc5 Ne3 17. Bxe3 Rc8 18. f4 Bd6 19. h4 b5 20. axb5 a6 21. bxa6 Nxa6
22. Nh3 Nc5 23. h5 Rab8 24. Ra1 Ba4 25. Qd2 Nb3 26. Qd1 Nxa1 27. Qxa1 Bc5 28.
Qc1 Bxa3 29. Ba6 Bxb2 30. Qd2 Rxc3 31. Bd4 Rbb3 32. Bxf6 Rd3 33. Bxd3 gxf6 34.
Bc4 Bc3 35. Bxb3 Bxd2+ 36. Kxd2 Bxb3 37. Rb1 Ba2 38. Rb2 Bxd5 39. h6 Kf8 40.
Rb8+ Ke7 41. f5 Bg2 42. Nf4 Be4 43. Rb4 Bxf5 44. Rb5 Bd7 45. Rb1 f5 46. Ne2 Kf6
47. Rb6+ Kg5 48. Rb7 Bc8 49. Rxf7 Ba6 50. Nd4 Bc8 51. Rxh7 Kg4 52. Rg7+ Kh5 53.
Rh7 Kg4 54. Rh8 Bb7 55. h7 Kxg3 56. Rg8+ Kf2 57. h8=Q f4 58. Qh4+ Kf1 59. Qxf4+
Bf3 60. Qxf3# 1-0

[Event "Challenge"]
[Site "http://www.queenalice.com/game.php?id=556261"]
[Date "2009.3.15"]
[Round "-"]
[White "xavier31"]
[Black "patrick"]
[Result "0-1"]
[WhiteElo "1284"]
[BlackElo "1527"]

1. e4 e5 2. d4 Nc6 3. Nf3 h5 4. Nxe5 Na5 5. Bc4 Nh6 6. Bd5 c6 7. h4 Ng4 8. Bg5
f6 9. Bf7+ Ke7 10. Qf3 Qb6 11. Ng6+ Kxf7 12. Nxh8+ Ke8 13. Bxf6 Qxd4 14. Bxg7
Bxg7 15. Qf7+ Kd8 16. e5 Nxe5 17. Qxg7 Qe4+ 18. Kd2 Nac4+ 19. Kc3 b5 20. Rd1 d5
21. Rd4 Qe1+ 22. Kb3 a5 23. c3 a4+ 24. Kb4 Qe2 25. Rf4 Nd7 26. Nf7+ Kc7 27. b3
c5+ 28. Kxb5 Ba6+ 29. Kxa4 Bb7+ 30. Kb5 Bc6# 0-1

[Event "Challenge"]
[Site "http://www.queenalice.com/game.php?id=558679"]
[Date "2009.3.20"]
[Round "-"]
[White "patrick"]
[Black "xavier31"]
[Result "1-0"]
[WhiteElo "1533"]
[BlackElo "1278"]

1. e4 f5 2. Nc3 fxe4 3. Nxe4 c6 4. d4 d5 5. Nc5 b6 6. Nb3 Nh6 7. Qf3 Bg4 8. Qf4
b5 9. Nf3 e5 10. Nxe5 Bh5 11. Be2 g5 12. Bxh5+ Nf7 13. Qxf7# 1-0

[Event "Challenge"]
[Site "http://www.queenalice.com/game.php?id=559587"]
[Date "2009.3.21"]
[Round "-"]
[White "xavier31"]
[Black "Martin_Stahl"]
[Result "0-1"]
[WhiteElo "1312"]
[BlackElo "1505"]

1. e4 c5 2. Qf3 Nc6 3. Bc4 e6 4. a4 Nf6 5. e5 Nxe5 6. Qc3 Nxc4 7. Qxc4 b6 8. d4
d5 9. Qb5+ Bd7 10. Qa6 cxd4 11. Bf4 Bb4+ 12. c3 dxc3 13. bxc3 Ba5 14. Nf3 O-O
15. Bd6 Bc8 16. Qd3 Qxd6 17. Ng5 Qe5+ 18. Qe3 Qxe3+ 19. fxe3 e5 20. Rf1 Ba6 21.
Na3 Bxc3+ 22. Kf2 Ne4+ 23. Kf3 Nxg5+ 24. Kg4 Bxa1 25. Rxa1 Ne4 26. Kf5 Rfe8 27.
Rd1 Bc8# 0-1

[Event "Challenge"]
[Site "http://www.queenalice.com/game.php?id=559707"]
[Date "2009.3.22"]
[Round "-"]
[White "patrick"]
[Black "xavier31"]
[Result "1-0"]
[WhiteElo "1541"]
[BlackElo "1292"]

1. e4 e5 2. h4 Bb4 3. Rh3 d5 4. Rd3 Nh6 5. Rxd5 Qxh4 6. g3 Qh1 7. Nf3 Bd7 8. a3
a6 9. Nxe5 Bb5 10. c4 Bd7 11. axb4 Ng4 12. Nxg4 h5 13. Ne5 Bh3 14. Ke2 Bg4+ 15.
f3 Qh2+ 16. Kd3 Be6 17. Nc3 Rh6 18. f4 Nc6 19. Qa4 b5 20. cxb5 Rd8 21. Qxa6
Nxb4+ 22. Ke3 Nxa6 23. Rxa6 Bg4 24. b6 Qxg3+ 25. Kd4 Rf6 26. Ra7 Ke7 27. Rxc7+
Ke8 28. Bb5+ Bd7 29. b7 Bxb5 30. Rc8 Rb6 31. Rdxd8+ Ke7 32. Nd5+ Ke6 33. f5# 1-0

[Event "Challenge"]
[Site "http://www.queenalice.com/game.php?id=559720"]
[Date "2009.3.22"]
[Round "-"]
[White "xavier31"]
[Black "cesarcalegari"]
[Result "1-0"]
[WhiteElo "1277"]
[BlackElo "1210"]

1. e4 e5 2. Bc4 Nh6 3. Qf3 Qg5 4. Nh3 Qg6 5. g4 Nxg4 6. Nf4 Qg5 7. Nh3 Qe7 8.
Rg1 Nxh2 9. Qh5 g6 10. Qg5 f6 11. Qg2 Nf3+ 12. Qxf3 Nc6 13. a4 Nd4 14. Qc3 Bh6
15. Qa5 Nxc2+ 16. Ke2 Nxa1 17. Qxc7 g5 18. Nc3 b6 19. Nd5 Qd8 20. Qd6 Bf8 21.
Nxf6+ Qxf6 22. Qxf6 Rg8 23. Qf7+ Kd8 24. Qxg8 Ba6 25. Bxa6 Nb3 26. d4 Nxd4+ 27.
Ke3 Rc8 28. Qxf8+ Kc7 29. Qxc8+ Kd6 30. Nxg5 Nc2+ 31. Ke2 Nb4 32. Nf7+ Ke6 33.
Bc4+ Kf6 34. Qc6+ Ke7 35. Bg5+ Kf8 36. Qd6+ Kg8 37. Bh6# 1-0

[Event "Challenge"]
[Site "http://www.queenalice.com/game.php?id=563823"]
[Date "2009.3.30"]
[Round "-"]
[White "xavier31"]
[Black "patrick"]
[Result "1-0"]
[WhiteElo "1286"]
[BlackElo "1531"]

1. Nc3 e5 2. Nd5 c6 3. e4 Nf6 4. Nxf6+ gxf6 5. Qh5 Rg8 6. Qxh7 Rg7 7. Qh8 Qb6 8.
a4 a5 9. d4 Rg4 10. Bh6 Qxd4 11. Ne2 Rxe4 12. f3 Re3 13. Qxf8# 1-0

[Event "Challenge"]
[Site "http://www.queenalice.com/game.php?id=564776"]
[Date "2009.3.31"]
[Round "-"]
[White "xavier31"]
[Black "patrick"]
[Result "0-1"]
[WhiteElo "1322"]
[BlackElo "1489"]

1. e4 e5 2. Nf3 Nc6 3. d4 Qe7 4. dxe5 Nb4 5. a3 Nc6 6. Ng5 Qc5 7. Be3 Qxe5 8.
Qh5 Nd8 9. Nc3 Nf6 10. Qh3 d5 11. b4 Qxc3+ 12. Bd2 Qxa1+ 13. Ke2 Bg4+ 14. Ke3
dxe4 15. Qg3 Ne6 16. f3 Qd4+ 17. Ke2 Rd8 18. fxg4 Qxd2# 0-1

[Event "Challenge"]
[Site "http://www.queenalice.com/game.php?id=564798"]
[Date "2009.4.1"]
[Round "-"]
[White "xavier31"]
[Black "Teenho"]
[Result "0-1"]
[WhiteElo "1270"]
[BlackElo "1336"]

1. e4 d5 2. d4 dxe4 3. Bg5 Be6 4. Nh3 f6 5. Bb5+ c6 6. d5 Bxd5 7. Bxc6+ Nxc6 8.
Nc3 Qa5 9. Nf4 fxg5 10. Nxd5 Rd8 11. O-O Nf6 12. Nc7+ Qxc7 13. Qe2 Nd4 14. Qd2
Nf3+ 15. gxf3 Rxd2 16. Nxe4 Nxe4 17. fxe4 e6 18. Rfd1 Qf4 19. b4 Qg4+ 20. Kf1
Rxd1+ 21. Rxd1 Qxd1+ 22. Kg2 Bxb4 23. c4 Qg4+ 24. Kf1 Kf7 25. a4 Rd8 26. f3
Qxf3+ 27. Kg1 Rd1# 0-1

[Event "Challenge"]
[Site "http://www.queenalice.com/game.php?id=566251"]
[Date "2009.4.3"]
[Round "-"]
[White "patrick"]
[Black "xavier31"]
[Result "1-0"]
[WhiteElo "1491"]
[BlackElo "1315"]

1. e4 Nc6 2. d4 Nb4 3. c3 Na6 4. Qb3 Nh6 5. Nf3 e6 6. d5 exd5 7. Qxd5 Nb4 8.
Qe5+ Qe7 9. Qf4 Nd3+ 10. Bxd3 g5 11. Nxg5 Qd6 12. e5 Qxd3 13. Qf6 d6 14. Qxh8
Bg4 15. f3 Bh5 16. e6 Ke7 17. g4 Nxg4 18. Qxh7 Bg6 19. Nxf7 Qf5 20. Bg5+ Kxe6
21. Nd8+ Ke5 22. Qh8+ Kd5 23. Qd4# 1-0

[Event "Challenge"]
[Site "http://www.queenalice.com/game.php?id=566544"]
[Date "2009.4.4"]
[Round "-"]
[White "xavier31"]
[Black "Gamingo"]
[Result "0-1"]
[WhiteElo "1306"]
[BlackElo "1100"]

1. e4 e5 2. Qf3 Nc6 3. Bc4 Nf6 4. d4 Nxd4 5. Qf5 Nxf5 6. Nc3 Bc5 7. h4 c6 8. Rh3
d5 9. exd5 cxd5 10. Bb5+ Bd7 11. Rd3 Bxb5 12. Rxd5 Nxd5 13. Nxb5 Qa5+ 14. Ke2
Qxb5+ 15. Kd2 O-O-O 16. Nf3 Nf4+ 17. Kc3 Qb4# 0-1

[Event "Challenge"]
[Site "http://www.queenalice.com/game.php?id=566551"]
[Date "2009.4.4"]
[Round "-"]
[White "xavier31"]
[Black "cladouceur"]
[Result "0-1"]
[WhiteElo "1297"]
[BlackElo "1201"]

1. e4 Nc6 2. Qf3 Nd4 3. Qf4 Nxc2+ 4. Kd1 Nxa1 5. Bc4 e6 6. Nh3 h6 7. g4 Bd6 8.
e5 g5 9. Nxg5 hxg5 10. Qf3 Bxe5 11. b3 d5 12. Bb5+ c6 13. Ba4 b5 14. Re1 Bxh2
15. Rh1 bxa4 16. Qc3 d4 17. Qxc6+ Bd7 18. Qd6 Bxd6 19. Rxh8 Kf8 20. Ba3 Bxa3 21.
Nxa3 axb3 22. axb3 Qb8 23. Nc4 Qxb3+ 24. Ke2 Qxc4+ 25. d3 Qc2+ 26. Ke1 Rb8 27.
Kf1 Qxd3+ 28. Kg2 Bc6+ 29. Kh2 Rb2 30. Rh3 Rxf2+ 31. Kg1 Qf1# 0-1

[Event "Challenge"]
[Site "http://www.queenalice.com/game.php?id=567469"]
[Date "2009.4.6"]
[Round "-"]
[White "patrick"]
[Black "xavier31"]
[Result "1-0"]
[WhiteElo "1490"]
[BlackElo "1306"]

1. e4 d5 2. Nc3 Qd7 3. Qf3 dxe4 4. Nxe4 f5 5. Ng5 e6 6. Qe3 Bb4 7. c3 Na6 8.
Nxe6 Qd5 9. Nxg7+ Kd7 10. Qe8+ Kd6 11. Qd8+ Kc6 12. Bb5+ Kxb5 13. Qxd5+ Nc5 14.
Ne2 c6 15. Nd4+ Kb6 16. Qd8+ Ka6 17. cxb4 Nd3+ 18. Ke2 Nf4+ 19. Kf1 b5 20. a4
Bb7 21. Qa5# 1-0

[Event "Challenge"]
[Site "http://www.queenalice.com/game.php?id=569031"]
[Date "2009.4.9"]
[Round "-"]
[White "xavier31"]
[Black "patrick"]
[Result "0-1"]
[WhiteElo "1278"]
[BlackElo "1489"]

1. e4 e6 2. h4 Qf6 3. f3 a5 4. b3 Qxa1 5. Nc3 a4 6. bxa4 d5 7. Bb5+ c6 8. Bd3
Nf6 9. Nge2 c5 10. Nf4 c4 11. Kf2 cxd3 12. cxd3 d4 13. Nb5 Qxa2 14. Nd6+ Bxd6
15. Nh3 Nc6 16. f4 Nb4 17. Ng5 Nxd3+ 18. Kf3 e5 19. Qe2 Qb3 20. fxe5 Bxe5 21.
Qd1 Bg4# 0-1

[Event "Challenge"]
[Site "http://www.queenalice.com/game.php?id=569134"]
[Date "2009.4.9"]
[Round "-"]
[White "xavier31"]
[Black "Martial"]
[Result "0-1"]
[WhiteElo "1265"]
[BlackElo "1451"]

1. e4 e5 2. h4 Nf6 3. h5 Bc5 4. d3 d6 5. b3 O-O 6. h6 Ng4 7. Nh3 Qf6 8. Nc3
Qxf2+ 9. Nxf2 Nxf2 10. Qh5 Nxh1 0-1